Come Impostare e Finanziare un Progetto Imprenditoriale all'estero (Record no. 41537)

MARC details
000 -LEADER
campo de control de longitud fija 00362nam a2200133Ia 4500
005 - FECHA Y HORA DE LA ÚLTIMA TRANSACCIÓN
campo de control 20251223000718.0
008 - DATOS DE LONGITUD FIJA--INFORMACIÓN GENERAL
campo de control de longitud fija 251222s9999||||xx |||||||||||||| ||spa||
082 ## - NÚMERO DE LA CLASIFICACIÓN DECIMAL DEWEY
Número de clasificación 658.049/B45
100 ## - ENTRADA PRINCIPAL--NOMBRE DE PERSONA
Nombre de persona Bertoni, Gian Carlos
245 #0 - MENCIÓN DEL TÍTULO
Título Come Impostare e Finanziare un Progetto Imprenditoriale all'estero
250 ## - MENCION DE EDICION
Mención de edición 1ra.ed.
264 ## - PRODUCCIÓN, PUBLICACIÓN, DISTRIBUCIÓN, FABRICACIÓN Y COPYRIGHT
Nombre del de productor, editor, distribuidor, fabricante Regione Lombardi
942 ## - ELEMENTOS DE ENTRADA SECUNDARIOS (KOHA)
Tipo de ítem Koha Libros
Holdings
Estatus retirado Estado de pérdida Estado de daño No para préstamo Biblioteca de origen Biblioteca actual Ubicación en estantería Fecha de adquisición Total de préstamos Signatura topográfica completa Código de barras Visto por última vez Precio de reemplazo Tipo de ítem Koha
        Biblioteca de Postgrado Biblioteca de Postgrado Programa 23/12/2025   658.049/B45 0005237 23/12/2025 23/12/2025 Libros